Agrumes = Citrus fruit.

Bibliographic Details
Corporate Author: Organisation for Economic Co-operation and Development
Format: Book
Language:English
French
Published: Paris, France : Organisation de cooperation et de Developpement Economiques, 1980.
Edition:Revision.
Series:International standardisation of fruit and vegetables.
Subjects:

MARC

Tag First Indicator Second Indicator Subfields
LEADER 00000cam a2200000 a 4500
001 in00000080670
005 20151008054036.0
008 810813s1980 fr a 00010 eng
010 |a  81103388  
015 |a F*** 
020 |a 9264021124 
035 |a (OCoLC)07734327 
035 |9 AAH9446AM 
039 0 |a 2  |b 3  |c 3  |d 3  |e 3 
040 |a DLC  |c DLC  |d TXA  |d UtOrBLW 
041 0 |a eng  |a fre 
049 |a TXAM  |c [1422166] 
050 0 0 |a SB369  |b .O69 1980 
082 0 |a 664/.80435/0218  |2 19 
110 2 |a Organisation for Economic Co-operation and Development. 
245 1 0 |a Agrumes =  |b Citrus fruit. 
246 3 1 |a Citrus fruit. 
250 |a Revision. 
264 1 |a Paris, France :  |b Organisation de cooperation et de Developpement Economiques,  |c 1980. 
300 |a 103 pages :  |b color illustrations ;  |c 24 cm. 
336 |a text  |b txt  |2 rdacontent 
337 |a unmediated  |b n  |2 rdamedia 
338 |a volume  |b nc  |2 rdacarrier 
490 1 |a Normalisation internationale des fruits et legumes 
500 |a "Cancels and replaces pages 583 to 651 of the explanatory brochure published in 1971 and pages 709 to 717 of the explanatory brochure published in 1976."--Footnote 1, page 3. 
500 |a French and English. 
650 0 |a Citrus fruits  |x Standards. 
740 0 |a Citrus fruit. 
830 0 |a International standardisation of fruit and vegetables. 
999 |a MARS 
999 f f |s a0f5e74b-e7a5-34cb-bdc2-97209de96d6e  |i 5f60deec-fb43-38ce-b3d8-20d8305f835a  |t 0 
952 f f |p ric  |a Texas A&M University  |b Rellis Campus  |c Joint Library Facility  |d Remote Storage  |t 0  |e SB369 .O69 1980  |h Library of Congress classification  |i unmediated -- volume  |m A14806235854 
998 f f |a SB369 .O69 1980  |t 0  |l Remote Storage